banner koha

Albert Einstein / (Registro n. 7455)

MARC details
000 -LÍDER
campo de controle de tamanho fixo 01595nam a2200229 a 4500
001 - NÚMERO DE CONTROLE
campo de controle BS0002396
003 - IDENTIFICADOR DO NÚMERO DE CONTROLE
campo de controle BR-BrBNA
005 - DATA E HORÁRIO DA ÚLTIMA TRANSAÇÃO
campo de controle 20230418192023.0
008 - CAMPO DE DADOS FIXOS--INFORMAÇÃO GERAL
campo de controle de tamanho fixo 230308b |||||||| |||| 00| 0 por d
040 ## - FONTE DA CATALOGAÇÃO
Instituição da catalogação original BR-BrBNA
Idioma da catalogação por
Instituição que transcreveu o registro Biblioteca Nacional de Agricultura
041 ## - CÓDIGO DE IDIOMA
Código do idioma do texto/trilha sonora ou título diferente por
072 ## - CÓDIGO DE CATEGORIA DE ASSUNTO
Código de Categoria de Assunto B60
090 ## - NÚMERO DE CHAMADA LOCAL
Número de chamada B60 BS0002396
100 1# - ENTRADA PRINCIPAL--NOME PESSOAL
Nome pessoal Macdonald, F.
245 1# - TÍTULO
Título Albert Einstein /
260 3# - PUBLICAÇÃO, DISTRIBUIÇÃO, ETC.
Local de publicação, distribuição, etc. São Paulo, SP:
Nome do editor, distribuidor, etc. Globo,
Data da publicação, distribuição, etc. 1993.
300 ## - DESCRIÇÃO FÍSICA
Extensão 63 p.
520 3# - NOTA DE RESUMO, ETC
Resumo, etc. Albert Einstein foi um dos mais famosos cientistas que já viveram. Apesar disso, durante a maior parte de sua vida, somente algumas pessoas compreenderam as descobertas do grande físico. Hoje, a situação é diferente. A Teoria da Relatividade - grande obra de Einstein - é familiar a professores e estudantes nas universidades de todo o mundo. As revelações de Einstein no campo da física teórica promoveram grandes avanços em nossa compreensão sobre a estrutura do universo, como se originou e como pode acabar. Nos ensinaram a medida do tempo e do espaço, de uma nova maneira - surpreendente e quase assustadora. Einstein foi um gênio da ciência, com teorias capazes de modificar nossa concepção do mundo. Mas ele demonstrou que para o cientista não basta se isolar numa "torre de marfim", mas sim assumir a responsabilidade pelas consequências de suas descobertas. Seu trabalho, sua vida e personalidade conquistaram a imaginação pública. Albert Einstein foi uma inspiração para milhões de pessoas em todo o mundo.
650 ## - ASSUNTO--TERMO TÓPICO
Cabeçalho tópico ou nome geográfico BIOGRAFIA
909 ## -
-- 202304
-- Sergio Santos
-- 56
-- Sergio Santos
942 ## - ELEMENTOS DE ENTRADA ADICIONADOS (KOHA)
Tipo de material Koha Livros
Exemplares
Situação do descarte Fonte da classificação ou esquema de arquivamento na estante Situação física Não pode ser emprestado Coleção Biblioteca de origem Biblioteca atual Total de empréstimos Número de telefone completo Código de barras Data de último acesso Número do exemplar Tipo de material Koha Situação das perdas Data de aquisição Fonte de aquisição Qualificador de local codificado Custo, preço normal de compra Número do inventário Custo, preço de reposição Preço efetivo de
  Classificação AGRIS     Acervo Cultural Espaço Ceres - QVT/MAPA Espaço Ceres - QVT/MAPA   B60 BS0002396 2023-436783 12/04/2023 01 Livros   2023-04-04 Doação B60        

BINAGRI

Telefone: (61)3218-2567/2388/3357/2097 - binagri@agro.gov.br

Ministério da Agricultura e Pecuária , Esplanada dos Ministérios, Bloco D, Anexo B, Brasília/DF, CEP: 70.043-900